000 00711nam a22001577a 4500
999 _c4559
_d235063
080 _a342.38/ 4 Sa 59
100 _4aut
_aVerónica M. Santiago
245 _aAlternativas políticas ante una representación Política en Crisis
300 _a99 P.
500 _aDirector de tesis:
502 _aTesis (Maestría--Universidad Nacional de Mar del Plata. facultad de Derecho, Departamento de Posgrado, (S/ F)
504 _aTiene Bibliografía a Pie de Página
650 _2IEDCYT
_aciencias politicas
_ademocracia
_aderecho politico
_apartidos politios
_arepublicanismo
_agobierno republicano
_avoto
_avoto electronico
_agrupos de Interes
_acrisis pollitica 2000- 2001.
945 _acd
_d2017-08-08